Visualizzazione normale
Vista MARC
- Lofton Cripple Clarence
di Personal Name
Records bibliografici associati: 1
001 - CONTROL NUMBER
- control field: 13566
003 - CONTROL NUMBER IDENTIFIER
- control field: IT-RoPau
005 - DATE AND TIME OF LATEST TRANSACTION
- control field: 20140214160726.0
008 - FIXED-LENGTH DATA ELEMENTS
- fixed length control field: 140214|| aca||aabn | a|a d
040 ## - CATALOGING SOURCE
- Original cataloging agency: IT-RoPau
- Transcribing agency: IT-RoPau
100 ## - HEADING--PERSONAL NAME
- Personal name: Lofton Cripple Clarence
- Dates associated with a name: Codice autore musica SPICS: 16252
- Relator term: Autore musica
- Name of part/section of a work: Salty Woman Blues
670 ## - SOURCE DATA FOUND
- Source citation: Work cat.: (IT-RoPau)99681: AA.VV. 794, Boggie Woogie